| 000 | 00686cam a22002291 4500 | ||
|---|---|---|---|
| 001 | l 48000051 | ||
| 003 | DLC | ||
| 005 | 20260227111540.0 | ||
| 008 | 921102s1948 dcua f000 0 eng c | ||
| 010 | _al 48000051 | ||
| 035 | _a(OCoLC)26897487 | ||
| 040 |
_aU.S. Dept. of Labor. Library _cCLU _dDLC |
||
| 042 | _apremarc | ||
| 050 | 0 | 0 |
_aHD7262 _b.U62 1948a |
| 082 | _a331.823 | ||
| 245 | 1 | 0 |
_aButch looks to you; _byou supervisors know safety speeds production. |
| 260 |
_a[Washington, _c1948] |
||
| 300 |
_a18 p. _billus. _c20 cm. |
||
| 490 | 1 |
_aIts Bulletin, _vno. 97 |
|
| 650 | 0 | _aIndustrial accidents. | |
| 830 | 0 |
_aBulletin (United States. Bureau of Labor Standards) ; _v97. |
|
| 999 |
_c36609 _d36609 |
||